000 01031nam a2200241Ia 4500
003 GCL
005 20240530110858.0
008 140319s2008 ua 000 0 ara d
040 _aGCL /
_cGCL
082 0 4 _a306/
_bق م
100 0 _aقدرى حفنى
245 1 0 _aملخصات تسع وتسعين ندوة /
_cاعداد وتحرير قدرى حفنى، محسن يوسف ؛ تقديم اسماعيل سراج الدين
260 _aالاسكندرية :
_bمكتبة الاسكندرية،
_c2008.
300 _a344 ص ؛
_c24 سم.
500 0 _aكتاب تذكارى بمناسبة الالحتفال بالندوة رقم مائة فى منتدى الحوار بمكتبة الاسكندرية فى 91 يوليو 2008
650 0 4 _aالمجتمع المصرى
650 0 7 _aالمثقفون
_2qrmak
650 0 7 _aالندوات
_2qrmak
650 0 7 _aالثقافة
_2qrmak
700 0 _aمحسن يوسف
_eمعد ومحرر
700 0 _aاسماعيل سراج الدين
_eمعد ومحرر
942 _2ddc
_cBK
999 _c66078
_d66078